Acta et decreta concilii plenari americae latinae

Uloženo v:
Podrobná bibliografie
Médium: Kniha
Jazyk:latina
Vydáno: Roma Typis Vaticanis 1900
Vydání:1a. ed
Témata:
Tagy: Přidat tag
Žádné tagy, Buďte první, kdo vytvoří štítek k tomuto záznamu!

MARC

LEADER 00000cam a2200000 a 4500
001 UCD1005
003 CL-VaPUC
008 151231e19000000it |||||||||||||||||lat|d
082 0 4 |a 262.91  |b ACT  |2 21 
245 1 0 |a Acta et decreta concilii plenari americae latinae 
250 |a 1a. ed 
300 |a 462 p 
942 |c BK 
945 |d 20151231 00:35:00  |a gsalatino 
260 |a Roma  |b Typis Vaticanis  |c 1900 
600 0 7 |a CONCILIO PLENARIO DE AMERICA LATINA  |2 CL-VaPUC  |9 258589 
600 0 7 |a CONCILIOS  |2 CL-VaPUC  |9 584083 
583 |a last modification  |c 20151231 00:35:00  |k Rodrigo Vera 
999 |c 362435  |d 362433 
952 |0 0  |1 0  |3 erd  |4 0  |6 262_910000000000000_ACT_1900  |7 0  |8 P  |9 473703  |a BIBTEO  |b BIBTES  |c TEO_FTES  |i 5275245  |o 262.91 ACT 1900  |p 5275245  |r 2024-01-18  |w 2019-11-24  |y BK  |z Catalogado en:20151231  |k ICR